232 Animals by Picture - Statistics

General Stats
  • This quiz has been taken 127 times
  • The average score is 102 of 232
Answer Stats
Picture Answer % Correct
Orangutan
90%
Bald eagle
85%
Koala
85%
Meerkat
83%
Wolf
80%
Panda
74%
Tortoise
74%
Llama
73%
Polar bear
73%
Zebra
73%
Flamingo
71%
Turkey
70%
Dolphin
69%
Goat
69%
Peacock
69%
Scorpion
69%
Gorilla
68%
Great white shark
68%
Raccoon
68%
Starfish
68%
Camel
66%
Crocodile
66%
Black bear
65%
Grizzly bear
65%
Hippopotamus
65%
Hyena
65%
Leopard
65%
Emperor penguin
64%
Lynx
64%
Manatee
64%
Sloth
64%
Clownfish
63%
Red panda
63%
Squirrel
63%
Tapir
63%
Tiger
63%
Giraffe
61%
Lemur
61%
Orca
61%
Sea otter
61%
Chameleon
60%
Elephant
60%
Lion
60%
Mountain goat
59%
Tarantula
59%
Iguana
58%
Komodo dragon
58%
Monarch butterfly
58%
Raven
58%
Reindeer
58%
Axolotl
56%
Buffalo
56%
Cheetah
56%
Octopus
56%
Ostrich
56%
Toucan
56%
Alligator
55%
Armadillo
55%
Bison
55%
Capybara
55%
Emu
55%
Gazelle
55%
Kiwi
55%
Platypus
55%
Poison dart frog
55%
Rhinoceros
55%
Sea turtle
55%
Swan
55%
Anteater
54%
Cougar
54%
Hornet
54%
Jaguar
54%
Warthog
54%
Chimpanzee
53%
Dragonfly
53%
Elk
53%
Guinea pig
53%
Moose
53%
Seahorse
53%
Snowy owl
53%
Walrus
53%
Wombat
53%
Beaver
51%
Dingo
51%
Falcon
51%
Hedgehog
51%
Honey bee
51%
Manta ray
51%
Rattlesnake
51%
Skunk
51%
Aardvark
50%
Anemone
50%
Budgie
50%
Deer
50%
Puffin
50%
Fennec fox
49%
Grey parrot
49%
Hawk
48%
Quokka
48%
Sea lion
48%
Woodpecker
48%
Badger
46%
Black widow
46%
Gila monster
46%
Kangaroo
46%
King cobra
46%
Mallard
46%
Naked mole rat
46%
Sea urchin
46%
Wild boar
46%
Honey badger
45%
Mantis
45%
Pangolin
45%
Sunfish
45%
Tasmanian devil
45%
Anaconda
44%
Red fox
44%
Sun bear
44%
Wallaby
44%
Wildebeest
44%
Echidna
43%
Elephant seal
43%
Porcupine
43%
Sloth bear
43%
Turkey vulture
43%
Box jellyfish
41%
Caiman
41%
Cockatoo
41%
Ferret
41%
Gibbon
41%
Horseshoe crab
41%
Macaw
41%
Pelican
41%
Piranha
41%
Red eyed tree frog
41%
Arctic fox
40%
Beluga whale
40%
Bullfrog
40%
Goose
40%
Okapi
40%
Shoebill
40%
Spoonbill
40%
Baboon
39%
Capuchin
39%
Chinchilla
39%
Snow leopard
39%
African wild dog
38%
Ibis
38%
Proboscis monkey
38%
Stork
38%
Black mamba
36%
Cassowary
36%
Cuttlefish
36%
Frilled lizard
36%
Heron
36%
Mandrill
36%
Mongoose
36%
Pufferfish
36%
Yak
36%
Bonobo
35%
Flying fox
35%
Gharial
35%
Wolverine
35%
Canary
34%
Caracal
34%
Harpy eagle
34%
Hornbill
34%
Leopard gecko
34%
Ocelot
34%
Blue tang
33%
Coati
33%
Condor
33%
Kookaburra
33%
Bighorn sheep
31%
Fossa
31%
Ibex
31%
Moth
31%
Python
31%
Quetzal
31%
Sugar glider
31%
Great horned owl
30%
Musk ox
30%
Rhea
30%
Secretary bird
30%
African penguin
29%
Hyrax
29%
Tarsier
29%
Frigate bird
28%
Kakapo
28%
Pronghorn
28%
Tamarin
28%
Crane
26%
Hummingbird
26%
Newt
26%
Robin
26%
Binturong
25%
Oriole
25%
Quail
25%
Roadrunner
25%
Agouti
24%
Caracara
24%
Clouded leopard
24%
Spectacled bear
24%
Bongo
23%
Corn snake
23%
Kudu
23%
Spider monkey
23%
Gelada
21%
Numbat
21%
Peccary
21%
Red river hog
21%
Springbok
21%
Tree kangaroo
21%
Maned wolf
20%
Addax
19%
Dhole
19%
African wild ass
18%
Babirusa
18%
Emerald tree boa
18%
Tiger quoll
18%
Fiddler crab
16%
Muntjac
15%
Ringtail
15%
Viscacha
15%
Coquerel's sifaka
14%
Gemsbok
14%
Markhor
14%
Nyala
14%
Przewalski's horse
14%
Takin
14%
Zebu
14%
Colobus monkey
13%
No matching quizzes found
Score Distribution
Percent of People with Each Score
Percentile by Number Answered
Your Score History
You have not taken this quiz